[Event "exe Slovakia Open 2025"]
[Site "Bratislava SVK"]
[Date "2025.09.21"]
[Round "9.48"]
[White "Malaschitz, Teodor"]
[Black "Macakova, Bianka"]
[Result "0-1"]
[WhiteElo "1899"]
[BlackElo "1637"]
[WhiteFideId "73621153"]
[BlackFideId "14982846"]
[EventDate "2025.09.13"]

1. e4 c5 2. Nf3 Nc6 3. d4 cxd4 4. Nxd4 g6 5. Nc3 Bg7 6. Be3 Nf6 7. Bc4 O-O 8.
Bb3 d6 9. f3 Bd7 10. Qd2 Rc8 11. O-O-O Nxd4 12. Bxd4 b5 13. Nd5 Nxd5 14. Bxg7
Kxg7 15. Bxd5 a5 16. e5 Bf5 17. Be4 Bxe4 18. fxe4 dxe5 19. Qe2 Qc7 20. h4 Qc4
21. Qxc4 Rxc4 22. Rhe1 Rfc8 23. Re2 a4 24. a3 b4 25. axb4 Rxb4 26. Rd5 f6 27.
Ra5 Rcc4 28. Ra7 Kf7 29. c3 Rb8 30. Kc2 Rd8 31. b3 axb3+ 32. Kxb3 Rcc8 33. Re3
Ke6 34. g4 h5 35. Rg3 hxg4 36. Ra6+ Rd6 37. Rxd6+ exd6 38. Rxg4 Kf7 39. Kc2 f5
40. exf5 gxf5 41. Ra4 f4 42. Ra1 Kg6 43. Ra6 Rd8 44. Ra7 d5 45. Kd3 Kh5 46. Rh7+
Kg4 47. h5 e4+ 48. Kd2 e3+ 49. Ke2 Ra8 50. Rg7+ Kxh5 51. Kf3 Ra1 52. Re7 Rf1+
53. Ke2 Rf2+ 54. Ke1 Kg4 0-1

[Event "exe Slovakia Open 2025"]
[Site "Bratislava SVK"]
[Date "2025.09.21"]
[Round "9.49"]
[White "Slaba, Andrea"]
[Black "Kebbedies, Frank"]
[Result "1-0"]
[WhiteElo "2021"]
[BlackElo "1823"]
[WhiteFideId "14940680"]
[BlackFideId "24606944"]
[EventDate "2025.09.13"]

1. d4 Nf6 2. c4 e6 3. Nc3 c5 4. Nf3 cxd4 5. Qxd4 Nc6 6. Qd3 Bb4 7. Bd2 O-O 8. a3
Bxc3 9. Bxc3 d5 10. Rd1 Qe7 11. Ne5 a5 12. e3 Rd8 13. Be2 Nxe5 14. Bxe5 Ne4 15.
cxd5 exd5 16. Bd4 Qg5 17. Bf3 Bg4 18. Qf1 Be6 19. Qe2 Qg6 20. h4 h6 21. O-O Nd6
22. Kh2 Nc4 23. Bc3 Rac8 24. Qd3 Bf5 25. Qd4 Qd6+ 26. g3 Qf8 27. Bxd5 Be6 28. e4
Bxd5 29. exd5 b6 30. Rfe1 Rc5 31. Qg4 Nxa3 32. Bd4 Nc2 33. Bxc5 Qxc5 34. Re2 Nb4
35. d6 Nc6 36. d7 f6 37. Re8+ Kf7 38. Qe6+ Kg6 39. Qe2 Kf7 40. Rxd8 Nxd8 41.
Qe8# 1-0

[Event "exe Slovakia Open 2025"]
[Site "Bratislava SVK"]
[Date "2025.09.21"]
[Round "9.50"]
[White "Kolman, Richard"]
[Black "Prochazka, Michal"]
[Result "1-0"]
[WhiteElo "1982"]
[BlackElo "1764"]
[WhiteFideId "14904993"]
[BlackFideId "14975777"]
[EventDate "2025.09.13"]

1. d4 Nf6 2. Bf4 g6 3. Nc3 d5 4. e3 Bg7 5. h4 O-O 6. h5 Nxh5 7. Rxh5 gxh5 8.
Qxh5 f5 9. Nf3 c6 10. Bd3 Qe8 11. Qh2 Nd7 12. g4 Nf6 13. Ne5 fxg4 14. O-O-O Qh5
15. Qg1 Bf5 16. Be2 Kh8 17. f3 gxf3 18. Bxf3 Qe8 19. Qg5 Nd7 20. Bh5 Bf6 21.
Qxf5 Bxe5 22. Bxe5+ 1-0

[Event "exe Slovakia Open 2025"]
[Site "Bratislava SVK"]
[Date "2025.09.21"]
[Round "9.51"]
[White "Thornley, Oliver"]
[Black "Kudela, Oliver"]
[Result "0-1"]
[WhiteElo "1731"]
[BlackElo "1894"]
[WhiteFideId "445916"]
[BlackFideId "14971755"]
[EventDate "2025.09.13"]

1. d4 Nf6 2. Bg5 Ne4 3. h4 d5 4. Nd2 Nxd2 5. Qxd2 Bf5 6. f3 h6 7. Bf4 c5 8. g4
Bh7 9. e3 Nc6 10. Bd3 Bxd3 11. Qxd3 e6 12. Ne2 Be7 13. O-O-O Bxh4 14. Rdg1 Be7
15. g5 h5 16. g6 f6 17. Kb1 Qa5 18. c3 O-O-O 19. e4 cxd4 20. cxd4 dxe4 21. Qxe4
Qf5 22. Rc1 Qxe4+ 23. fxe4 Bd6 24. e5 fxe5 25. dxe5 Bc7 26. Ng3 h4 27. Ne4 Rd5
28. Ng5 Kd7 29. Rhf1 Bxe5 30. Bxe5 Nxe5 31. Nf7 Nxf7 32. Rxf7+ Kd6 33. Rxg7 h3
34. Rh1 h2 35. Rh7 Rxh7 36. gxh7 Rh5 37. Kc2 Ke5 38. Kd3 Kf4 39. Ke2 Kg3 40. Kf1
Rxh7 0-1

[Event "exe Slovakia Open 2025"]
[Site "Bratislava SVK"]
[Date "2025.09.21"]
[Round "9.52"]
[White "Srnak, Martin"]
[Black "Kovacik, Oliver"]
[Result "1/2-1/2"]
[WhiteElo "1671"]
[BlackElo "1880"]
[WhiteFideId "14973308"]
[BlackFideId "2321963"]
[EventDate "2025.09.13"]

1. Nf3 d5 2. d4 c6 3. c4 Nf6 4. cxd5 cxd5 5. g3 e6 6. a3 Be7 7. Nc3 b6 8. e3 Bb7
9. Bb5+ Nbd7 10. Ne5 a6 11. Bc6 Qc7 12. Bxb7 Qxb7 13. Nxd7 Qxd7 14. Bd2 b5 15.
Ne2 Bd6 16. Bb4 Rc8 17. Bxd6 Qxd6 18. Rc1 O-O 19. O-O Rc7 20. Rxc7 Qxc7 21. Qd3
Qc4 22. Rd1 Rb8 1/2-1/2

[Event "exe Slovakia Open 2025"]
[Site "Bratislava SVK"]
[Date "2025.09.21"]
[Round "9.54"]
[White "Zhanybekov, Alisher"]
[Black "Kucera, Michal"]
[Result "1-0"]
[WhiteElo "1630"]
[BlackElo "1900"]
[WhiteFideId "447013397"]
[BlackFideId "14910519"]
[EventDate "2025.09.13"]

1. e4 c5 2. Nc3 Nc6 3. f4 g6 4. Nf3 Bg7 5. Bb5 Nd4 6. O-O Nxb5 7. Nxb5 Qb6 8. c4
a6 9. Nc3 e6 10. e5 f5 11. Kh1 Ne7 12. a3 O-O 13. Rb1 Qc7 14. b4 b6 15. d4 cxd4
16. Qxd4 d6 17. Na4 dxe5 18. fxe5 b5 19. Nb6 Rb8 20. c5 Rd8 21. Qd6 Rxd6 22.
exd6 Qd8 23. Bg5 Bb7 24. Rbd1 Qe8 25. dxe7 h6 26. Rd8 hxg5 27. Rxe8+ Rxe8 28.
Nxg5 Rxe7 29. Rd1 Bf6 30. Nh3 Kg7 31. Nf4 g5 32. Nh5+ Kg6 33. Nxf6 Kxf6 34. Rd6
Rc7 35. Nd7+ Ke7 36. Nb8 a5 37. h3 axb4 38. axb4 Bd5 39. Kh2 Ra7 40. Rxd5 exd5
41. Nc6+ Ke6 42. Nxa7 d4 43. Nxb5 d3 44. c6 1-0

[Event "exe Slovakia Open 2025"]
[Site "Bratislava SVK"]
[Date "2025.09.21"]
[Round "9.55"]
[White "Guba, Peter"]
[Black "Chmurny, Richard"]
[Result "0-1"]
[WhiteElo "1852"]
[BlackElo "1689"]
[WhiteFideId "14970511"]
[BlackFideId "14989581"]
[EventDate "2025.09.13"]

1. c4 e6 2. Nc3 d5 3. cxd5 exd5 4. d4 Nf6 5. Nf3 c5 6. Bg5 Be6 7. e4 Be7 8. Bb5+
Nc6 9. e5 Nd7 10. Bxe7 Qxe7 11. Qa4 cxd4 12. Bxc6 dxc3 13. Bxd7+ Bxd7 14. Qb3
cxb2 15. Qxb2 Bc6 16. O-O O-O 17. Rfe1 Rac8 18. Qd4 a6 19. Re3 h6 20. Rae1 Qe6
21. Nh4 Bb5 22. Rc3 Rxc3 23. Qxc3 Rc8 24. Qg3 Rc2 25. a3 Rc4 26. f4 g5 27. h3
Rxf4 28. Nf3 Qf5 29. e6 fxe6 30. Re5 Qf6 31. Kh2 Re4 32. Nxg5 Qxe5 33. Nxe4+
Qxg3+ 34. Nxg3 Kf7 35. Kg1 Kg6 36. Kf2 e5 37. Kf3 Kg5 38. Nh1 Bc6 39. Nf2 h5 40.
g3 d4+ 41. Ke2 e4 42. h4+ Kf5 43. Nh3 Kg4 44. Nf4 Kxg3 45. Nxh5+ Kxh4 46. Ng7
Bd7 0-1

[Event "exe Slovakia Open 2025"]
[Site "Bratislava SVK"]
[Date "2025.09.21"]
[Round "9.56"]
[White "Gonda, Jan"]
[Black "Havalda, Samuel"]
[Result "0-1"]
[WhiteElo "1703"]
[BlackElo "1963"]
[WhiteFideId "14910489"]
[BlackFideId "14955490"]
[EventDate "2025.09.13"]

1. d4 d5 2. Bf4 c5 3. e3 Nc6 4. c3 Qb6 5. Qb3 Qxb3 6. axb3 Nf6 7. Nd2 Bf5 8.
Ngf3 e6 9. h3 cxd4 10. exd4 Be7 11. b4 O-O 12. Nh4 Bc2 13. Rc1 Be4 14. Bg5 h6
15. Bxf6 Bxf6 16. Nhf3 Bxf3 17. Nxf3 a5 18. bxa5 Rxa5 19. Bd3 Ra2 20. Rb1 Rc8
21. O-O b6 22. Nd2 Na5 23. g3 e5 24. dxe5 Bxe5 25. Rfd1 Bf6 26. Kg2 Nb7 27. h4
Nc5 28. Bf5 Re8 29. Kf1 g6 30. Bg4 h5 31. Be2 Rd8 32. Nf3 Ne4 33. Nd4 Re8 34.
Bf3 Rc8 35. Bxe4 dxe4 36. Ne2 b5 37. Nc1 Ra4 38. Ke2 b4 39. b3 Ra6 40. c4 Rca8
41. Ke3 Ra1 42. Ne2 R1a2 43. Nf4 Bc3 44. Kxe4 Rxf2 45. Ke3 Raa2 46. Ke4 Rab2 47.
Nd3 Rbe2+ 48. Kd5 Rf5+ 49. Kc6 Re6+ 50. Kd7 Ra5 51. Nf4 Ra7+ 52. Kc8 Rc6+ 53.
Kb8 Re7 54. Rd8+ Kg7 55. Rbd1 Be5+ 0-1

[Event "exe Slovakia Open 2025"]
[Site "Bratislava SVK"]
[Date "2025.09.21"]
[Round "9.57"]
[White "Buday, Alexander"]
[Black "Donauer Daniel"]
[Result "1/2-1/2"]
[WhiteElo "1595"]
[BlackElo "1812"]
[WhiteFideId "14971666"]
[BlackFideId "1365754"]
[EventDate "2025.09.13"]

1. e4 e5 2. Nf3 Nf6 3. Nxe5 d6 4. Nf3 Nxe4 5. d4 d5 6. Bd3 Bf5 7. O-O Be7 8. Re1
Nc6 9. c3 O-O 10. Qc2 Bg6 11. Nbd2 Nxd2 12. Bxd2 Bxd3 13. Qxd3 a6 14. a4 Qd7 15.
Bf4 Rae8 16. Re2 Bd8 17. Rae1 Rxe2 18. Qxe2 Ne7 19. b3 Ng6 20. Ne5 Qf5 21. Bg3
Re8 22. Qf3 Qxf3 23. Nxf3 Rxe1+ 24. Nxe1 c6 25. Nd3 Be7 26. Kf1 f6 27. Ke2 Kf7
28. a5 Ke6 29. Nf4+ Nxf4+ 30. Bxf4 Kf5 1/2-1/2

[Event "exe Slovakia Open 2025"]
[Site "Bratislava SVK"]
[Date "2025.09.21"]
[Round "9.59"]
[White "Janovicek, Lukas"]
[Black "Vinarcik, Jan"]
[Result "1-0"]
[WhiteElo "1836"]
[BlackElo "1800"]
[WhiteFideId "14975831"]
[BlackFideId "14901030"]
[EventDate "2025.09.13"]

1. e4 c5 2. c3 e6 3. d4 cxd4 4. cxd4 d5 5. e5 Bb4+ 6. Bd2 Bxd2+ 7. Qxd2 Ne7 8.
Bd3 Nbc6 9. Nf3 Qb6 10. Nc3 Bd7 11. Nb5 Qa5 12. Qxa5 Nxa5 13. Nc7+ Kd8 14. Nxa8
Kc8 15. Rc1+ Nac6 16. Ke2 Kb8 17. Nb6 axb6 18. a3 h6 19. Ke3 Na7 20. Rc2 Bb5 21.
Bxb5 Nxb5 22. a4 Na7 23. b4 b5 24. a5 Nec6 25. Rb1 Kc7 26. Nd2 b6 27. Nb3 Kb7
28. axb6 Kxb6 29. Nc5 Rc8 30. Ra2 Nb8 31. Kd3 Nac6 32. Kc3 Rc7 33. Rba1 Ra7 34.
Rxa7 Nxa7 35. f4 Nbc6 36. g4 g6 37. Rf1 Ne7 38. h4 Nac6 39. Nd7+ Kc7 40. Nf6 h5
41. gxh5 gxh5 42. Ne8+ Kb6 43. Nd6 Ng6 44. Nxf7 Nxh4 45. Ng5 Nd8 46. Rf2 Kc6 47.
Nf3 Ng6 48. Ne1 Kd7 49. f5 exf5 50. Rxf5 Ne6 51. Rxh5 Ngf4 52. Rh7+ Kc6 53. Nc2
Ne2+ 54. Kd3 Nc1+ 55. Kd2 Nb3+ 56. Kc3 Nc1 57. Rh1 Ne2+ 58. Kd3 N2f4+ 59. Ke3
Ng2+ 60. Kf3 Ngf4 61. Rh4 Ng6 62. Rh6 Ngf8 63. Ne3 Kd7 64. Nxd5 Nxd4+ 65. Ke4
Nde6 66. Nc3 Nc7 67. Rd6+ Ke7 68. Nd5+ 1-0

[Event "exe Slovakia Open 2025"]
[Site "Bratislava SVK"]
[Date "2025.09.21"]
[Round "9.60"]
[White "Benci, Rudolf"]
[Black "Petrik, Matus"]
[Result "0-1"]
[WhiteElo "1787"]
[BlackElo "1902"]
[WhiteFideId "14963191"]
[BlackFideId "266400"]
[EventDate "2025.09.13"]

1. d4 d5 2. Bf4 Nf6 3. e3 c5 4. c3 Qb6 5. b3 Bf5 6. Nd2 e6 7. Be2 Nc6 8. Ngf3
Nh5 9. Bg3 Nxg3 10. hxg3 h6 11. Ne5 cxd4 12. cxd4 Nxe5 13. dxe5 Ba3 14. g4 Bh7
15. O-O Bb2 16. Nf3 Rc8 17. Nd4 O-O 18. Qd2 Bc3 19. Qd1 Bxa1 20. Qxa1 a6 21. a3
Qc7 22. f4 Qc3 23. Qxc3 Rxc3 24. Kf2 Be4 25. Rd1 Re8 26. Rd2 Kf8 27. Bd1 Ke7 28.
a4 Rd3 29. Rxd3 Bxd3 30. Ke1 Be4 31. g3 f6 32. exf6+ gxf6 33. f5 e5 34. Ne6 Rc8
35. Kd2 a5 36. Ng7 b6 37. Ne6 Kf7 38. Ke2 Ke7 39. Kd2 Kd7 40. Ng7 Rg8 41. Ne6 h5
42. Kc3 hxg4 43. b4 axb4+ 44. Kxb4 Bxf5 45. Nc5+ bxc5+ 46. Kxc5 Kc7 47. Bb3 Be6
48. e4 Ra8 49. exd5 Ra5+ 50. Kb4 Bxd5 0-1

[Event "exe Slovakia Open 2025"]
[Site "Bratislava SVK"]
[Date "2025.09.21"]
[Round "9.61"]
[White "Jancura, Andrej"]
[Black "Rexova, Kristina"]
[Result "1-0"]
[WhiteElo "1852"]
[BlackElo "1559"]
[WhiteFideId "14923629"]
[BlackFideId "14987449"]
[EventDate "2025.09.13"]

1. d4 d5 2. g3 b6 3. Bg2 Bb7 4. c4 e6 5. b3 Nf6 6. Nf3 Bd6 7. O-O O-O 8. Nc3 a6
9. Bg5 h6 10. Bf4 Bxf4 11. gxf4 Nbd7 12. e3 c5 13. Ne5 Qc7 14. cxd5 Nxd5 15.
Nxd5 Bxd5 16. Nxd7 Qxd7 17. dxc5 bxc5 18. e4 Bc6 19. Qxd7 Bxd7 20. Rfd1 Rfd8 1-0

[Event "exe Slovakia Open 2025"]
[Site "Bratislava SVK"]
[Date "2025.09.21"]
[Round "9.62"]
[White "Dubnicka, Ferdinand"]
[Black "Povysil, Peter"]
[Result "0-1"]
[WhiteElo "1533"]
[BlackElo "1853"]
[WhiteFideId "14944057"]
[BlackFideId "14908344"]
[EventDate "2025.09.13"]

1. e4 c5 2. Nc3 a6 3. Nf3 d6 4. d3 g6 5. Be2 Bg7 6. O-O Nc6 7. a3 Nf6 8. Bf4 O-O
9. Qd2 Re8 10. Bh6 Bh8 11. Ng5 Nd4 12. Bd1 Ne6 13. f4 Nxg5 14. fxg5 Ng4 15. Bxg4
Bxg4 16. h3 Be6 17. Rab1 c4 18. Nd5 cxd3 19. Qxd3 Bxd5 20. exd5 e5 21. Rbe1 Rc8
22. c3 Qb6+ 23. Kh1 Qc5 24. Qf3 Rc7 25. Re4 Qxd5 26. Rd1 Qe6 27. Qd3 Rc6 28. c4
Rec8 29. b3 Bg7 30. Bxg7 Kxg7 31. Rf1 Qe7 32. Rf6 h6 33. Qe3 hxg5 34. Rf1 f5 35.
Rd4 Re8 36. Rd5 g4 37. Qg3 Rh8 38. Rfd1 gxh3 39. gxh3 Qf6 40. Kh2 Re8 41. R1d2
Re6 42. a4 f4 43. Qg4 Qf5 44. Qh4 g5 45. Rg2 Rg6 46. Qf2 Rh6 47. Qf3 Kf6 48. a5
Ke7 49. Rg4 Rc8 50. Rg2 Rch8 51. Rg4 Rxh3+ 52. Qxh3 Rxh3+ 53. Kxh3 f3 54. Rd1 f2
55. Rf1 e4 56. Rxf2 Qxf2 57. Rxe4+ Kf6 58. Rg4 Qf1+ 59. Kh2 Kf5 60. Rg2 g4 0-1